| 000 | 00349 a2200157 4500 | ||
|---|---|---|---|
| 001 | 149393 | ||
| 040 | _cEscola São Tomás de Aquino | ||
| 100 | _aCASTRO, Ricardo Gomes Ribeiro de | ||
| 240 | 1 | 0 |
_aEduarda _lpor |
| 245 | 1 | 0 | _aEduarda |
| 300 | _a24 | ||
| 362 | 0 | _a1999 | |
| 440 | 1 | _aSanta Clara | |
| 697 | _a*LITERATURA INFANTO | ||
| 942 | _cBK | ||
| 999 |
_c149393 _d149393 |
||